Economical records by continent - Statistics

General Stats
  • This quiz has been taken 21 times
  • The average score is 24 of 36
Answer Stats
Hint Answer % Correct
Oceania Country with biggest GDP per capita (in mio $) 65,4 Australia
94%
Oceania Country with biggest GDP nominal (in bio $) 1,718 Australia
94%
Oceania Country with highest HDI 0.951 Australia
94%
South America Country with biggest GDP nominal (in bio $) 4020 Brazil
94%
South America Country with highest HDI 0.855 Chile
94%
Asia Country with biggest GDP nominal (in bio $) 33015 China
94%
Europe Country with biggest GDP nominal (in bio $) 5545 Germany
94%
North America Country with biggest GDP per capita (in mio $) 80 United States
94%
North America Country with biggest GDP nominal (in bio $) 26855 United States
94%
North America Country with highest HDI 0.936 Canada
88%
Africa Country with biggest GDP nominal (in bio $) 1,803 Egypt
88%
Europe Country with biggest GDP per capita (in mio $) 142,5 Luxembourg
88%
Asia Country with biggest GDP per capita (in mio $) 157 Singapore
88%
Asia Country with highest HDI 0.939 Singapore
88%
South America Country with largest income inequality (GINI) 57.9 % Suriname
81%
South America Country with biggest GDP per capita (in mio $) 60,6 Guyana
75%
North America City with biggest GDP nominal (in bio $) 1993 (2021) New York
75%
Oceania Country with largest income inequality (GINI) 41.9 % Papua New Guinea
75%
Africa Country with biggest GDP per capita (in mio $) 39,7 Seychelles
75%
Europe Country with highest HDI 0.962 Switzerland
75%
Oceania City with biggest GDP nominal (in bio $) 398 (2021) Sydney
75%
Asia City with biggest GDP nominal (in bio $) 2055 (2021) Tokyo
75%
Africa City with biggest GDP nominal (in bio $) 102 (2022) Cairo
69%
Europe City with biggest GDP nominal (in bio $) 978 (2021) London
69%
South America City with biggest GDP nominal (in bio $) 262 (2021) Sao Paulo
69%
Africa Country with largest income inequality (GINI) 63,0 % South Africa
69%
Africa Country with highest HDI 0.802 Mauritius
56%
Europe Country with largest income inequality (GINI) 40.3 % Bulgaria
38%
North America Country with largest income inequality (GINI) 51.2 % Saint Lucia
31%
North America Biggest company in revenue (in bio $) 611 Walmart
31%
Asia Country with largest income inequality (GINI) 49.9 Bangladesh
25%
South America Biggest company in revenue (in bio $) 505 Petrobas
6%
Asia Biggest company in revenue (in bio $) 604 Aramco
0%
Oceania Biggest company in revenue (in bio $) 72 BHP group
0%
Africa Biggest company in revenue (in bio $) 60 Sonatrech
0%
Europe Biggest company in revenue (in bio $) 505 Vitol
0%
No matching quizzes found
Score Distribution
Percent of People with Each Score
Percentile by Number Answered
Your Score History
You have not taken this quiz